| 000 -LEADER |
| fixed length control field |
00628nam a22001817a 4500 |
| 005 - DATE AND TIME OF LATEST TRANSACTION |
| control field |
20210427065732.0 |
| 008 - FIXED-LENGTH DATA ELEMENTS--GENERAL INFORMATION |
| fixed length control field |
210302s1979 ||||| |||| 00| 0 eng d |
| 040 ## - CATALOGING SOURCE |
| Original cataloging agency |
eng |
| Transcribing agency |
DLC |
| 041 ## - LANGUAGE CODE |
| Language code of text/sound track or separate title |
eng |
| Language code of original |
ita |
| 080 ## - UNIVERSAL DECIMAL CLASSIFICATION NUMBER |
| Universal Decimal Classification number |
006.9 |
| Item number |
G-94 |
| 110 ## - MAIN ENTRY--CORPORATE NAME |
| 9 (RLIN) |
1217 |
| Corporate name or jurisdiction name as entry element |
Vatican Museum |
| 245 ## - TITLE STATEMENT |
| Title |
Guide to the Vatican Museums |
| Statement of responsibility, etc. |
/ by: Monumenti, Musei e Gallerie Pontificie / Monuments, Museums and Galleris of Pontiff |
| 260 ## - PUBLICATION, DISTRIBUTION, ETC. |
| Place of publication, distribution, etc. |
Vatican, Italy |
| Name of publisher, distributor, etc. |
Monumenti, Musei e Gallerie Pontificie / Monuments, Museums and Galleris of Pontiff |
| Date of publication, distribution, etc. |
1979 |
| 300 ## - PHYSICAL DESCRIPTION |
| Extent |
160 p. |
| Other physical details |
ill. |
| 650 #0 - SUBJECT ADDED ENTRY--TOPICAL TERM |
| 9 (RLIN) |
516 |
| Topical term or geographic name entry element |
Museum |
| 653 ## - INDEX TERM--UNCONTROLLED |
| Uncontrolled term |
მუზეუმი |
| 942 ## - ADDED ENTRY ELEMENTS (KOHA) |
| Source of classification or shelving scheme |
|
| Koha item type |
Books |